Statistics for RWBY Weapons #1

Click here to take the quiz!

General Stats

  • This quiz has been taken 4 times
  • The average score is 10 of 16

Answer Stats

Answer% Correct
Crescent Rose
100%
Ember Celica
100%
Gambol Shroud
100%
Magnhild
100%
Crocea Mors
75%
Hush
75%
Midnight
75%
Myrtenaster
75%
StormFlower
75%
Thief's Respite
75%
Melodic Cudgel
50%
Talaria
50%
Tri-Hard
50%
Gianduja
0%
Milo and Akoúo̱
0%
Ruyi and Jingu Bang
0%

Score Distribution

Percentile by Number Answered

Percent of People with Each Score

Your Score History

You have not taken this quiz